Las instituciones supranacionales
Saved in:
| Main Author: | |
|---|---|
| Format: | Book |
| Language: | Spanish |
| Published: |
Madrid
Akal
1989
|
| Series: | Akal Historia del Mundo Contemporáneo
|
| Subjects: | |
| Tags: |
Add Tag
No Tags, Be the first to tag this record!
|
MARC
| LEADER | 00000nam a2200000 a 4500 | ||
|---|---|---|---|
| 001 | UCS2351 | ||
| 003 | CL-VaPUC | ||
| 008 | 970523e19890000SP |||||||||||||||||spa|d | ||
| 020 | |a 8476002807 | ||
| 082 | 0 | 4 | |a 341.2 |b FUE |2 21 |
| 100 | 0 | |a Fuente Pérez, Purificación |e author |9 387702 | |
| 245 | 1 | 4 | |a Las instituciones supranacionales |
| 300 | |a 62 p | ||
| 942 | |c BK | ||
| 945 | |d 19970523 00:00:00 |a amoreno | ||
| 260 | |a Madrid |b Akal |c 1989 | ||
| 650 | 7 | |a NACIONES UNIDAS |2 CL-VaPUC |9 308939 | |
| 650 | 7 | |a INSTITUCIONES SUPRANACIONALES |2 CL-VaPUC |9 387703 | |
| 650 | 0 | |a Organización |9 256369 | |
| 650 | 7 | |a PAISES |2 CL-VaPUC |9 357801 | |
| 650 | 0 | |a Ideologías |9 255200 | |
| 650 | 0 | |a Integración económica |9 255024 | |
| 650 | 0 | |a Defensa |9 258306 | |
| 650 | 7 | |a ORGANIZACION MILITAR |2 CL-VaPUC |9 387704 | |
| 651 | 0 | |a América |9 255182 | |
| 651 | 0 | |a Asia |9 268338 | |
| 651 | 0 | |a África |9 256790 | |
| 651 | 0 | |a Europa |9 255156 | |
| 583 | |a last modification |c 19970523 00:00:00 |k Rodrigo Vera | ||
| 490 | 0 | |a Akal Historia del Mundo Contemporáneo | |
| 999 | |c 260321 |d 260319 | ||
| 952 | |0 0 |1 0 |4 0 |6 341_200000000000000_FUE_1989 |7 0 |8 A |9 286318 |a BIBHIS |b BIBHIS |d 2019-11-19 |i 3308375 |o 341.2 FUE 1989 |p 3308375 |r 2025-01-20 |w 2019-11-19 |y BK |k HIS | ||